Suits : (Record no. 407101)
[ view plain ]
| 000 -LEADER | |
|---|---|
| fixed length control field | 01639cgm a22004217a 4500 |
| 001 - CONTROL NUMBER | |
| control field | on1124793077 |
| 003 - CONTROL NUMBER IDENTIFIER | |
| control field | OCoLC |
| 005 - DATE AND TIME OF LATEST TRANSACTION | |
| control field | 20250417134438.0 |
| 007 - PHYSICAL DESCRIPTION FIXED FIELD--GENERAL INFORMATION | |
| fixed length control field | vd cvaizs |
| 008 - FIXED-LENGTH DATA ELEMENTS--GENERAL INFORMATION | |
| fixed length control field | 120523s2011 cau702 e vleng d |
| 024 1# - OTHER STANDARD IDENTIFIER | |
| Standard number or code | 025192112805 |
| 028 42 - PUBLISHER NUMBER | |
| Publisher number | 10715549 |
| 035 ## - SYSTEM CONTROL NUMBER | |
| System control number | (OCoLC)1124793077 |
| 040 ## - CATALOGING SOURCE | |
| Original cataloging agency | CQA |
| Language of cataloging | eng |
| Transcribing agency | CQA |
| Modifying agency | OCLCO |
| -- | OCLCF |
| -- | OCLCQ |
| -- | OCLCO |
| -- | OCLCQ |
| -- | OCLCL |
| -- | OCLCQ |
| Description conventions | rda |
| 049 ## - LOCAL HOLDINGS (OCLC) | |
| Holding library | WACL |
| 082 04 - DEWEY DECIMAL CLASSIFICATION NUMBER | |
| Classification number | 791.4572 |
| Edition number | 23/eng/20230216 |
| 092 ## - LOCALLY ASSIGNED DEWEY CALL NUMBER (OCLC) | |
| Classification number | movie |
| Item number | Suits 1 |
| 245 00 - TITLE STATEMENT | |
| Title | Suits : |
| Remainder of title | season one. |
| 250 ## - EDITION STATEMENT | |
| Edition statement | Widescreen ed. |
| 260 ## - PUBLICATION, DISTRIBUTION, ETC. (IMPRINT) | |
| Place of publication, distribution, etc | Universal City, CA : |
| Name of publisher, distributor, etc | Universal, |
| Date of publication, distribution, etc | 2012. |
| 264 ## - Production, Publication, Distribution, Manufacture, and Copyright Notice. | |
| Place of production, publication, distribution, manufacture | Universal City, CA : |
| Name of producer, publisher, distributor, manufacturer | Universal, |
| Date of production, publication, distribution, manufacture, or copyr | 2012. |
| 300 ## - PHYSICAL DESCRIPTION | |
| Extent | 3 videodiscs (approximately 702 min.) : |
| Other physical details | sound, color ; |
| Dimensions | 4 3/4 in. |
| 336 ## - Content Type | |
| Content type term | two-dimensional moving image |
| 337 ## - Media type | |
| Media type term | video |
| 338 ## - Carrier type | |
| Carrier type term | videodisc |
| 511 1# - PARTICIPANT OR PERFORMER NOTE | |
| Participant or performer note | Gabriel Macht, Sarah Rafferty, Patrick J. Adams, Gina Torres. |
| 520 ## - SUMMARY, ETC. | |
| Summary, etc | The new original series delves into the fast-paced, high-stakes world of a top Manhattan corporate law firm where hotshot attorney Harvey Specter makes a risky move by hiring the brilliant but unmotivated Mike Ross as his new associate. The only problem is he doesn't have an actual law degree. |
| 521 8# - TARGET AUDIENCE NOTE | |
| Target audience note | MWT rating: NR. |
| 538 ## - SYSTEM DETAILS NOTE | |
| System details note | DVD. |
| 546 ## - LANGUAGE NOTE | |
| Language note | English; Closed-captioned. |
| 655 #7 - INDEX TERM--GENRE/FORM | |
| Genre/form data or focus term | Television series. |
| Source of term | fast |
| 655 #7 - INDEX TERM--GENRE/FORM | |
| Genre/form data or focus term | Television series. |
| Source of term | lcgft |
| 700 1# - ADDED ENTRY--PERSONAL NAME | |
| Personal name | Adams, Patrick J., |
| Dates associated with a name | 1981- |
| 9 (RLIN) | 5954238 |
| 700 1# - ADDED ENTRY--PERSONAL NAME | |
| Personal name | Rafferty, Sarah |
| 9 (RLIN) | 6543379 |
| 700 1# - ADDED ENTRY--PERSONAL NAME | |
| Personal name | Macht, Gabriel, |
| Dates associated with a name | 1972- |
| 9 (RLIN) | 69434 |
| 700 1# - ADDED ENTRY--PERSONAL NAME | |
| Personal name | Torres, Gina |
| 9 (RLIN) | 72531 |
| 942 ## - ADDED ENTRY ELEMENTS (KOHA) | |
| Source of classification or shelving scheme | Dewey Decimal Classification |
| Koha item type | DVD |
| Withdrawn status | Lost status | Source of classification or shelving scheme | Materials specified (bound volume or other part) | Damaged status | Not for loan | Collection code | Home library | Current library | Shelving location | Date acquired | Source of acquisition | Serial Enumeration / chronology | Total Checkouts | Total Renewals | Full call number | Barcode | Date last seen | Date checked out | Cost, replacement price | Price effective from | Koha item type |
|---|---|---|---|---|---|---|---|---|---|---|---|---|---|---|---|---|---|---|---|---|---|
| Dewey Decimal Classification | 3 discs | Television Series | Wasatch County Library | Wasatch County Library | Audio Visual Area | 04/17/2025 | Amazon | Season 1 - Suits | 5 | 6 | TV Series Suits #1 | 34301002152793 | 03/03/2026 | 01/28/2026 | 19.99 | 04/17/2025 | DVD Series |
